Responses for Show #660 - Friday, June 19, 1987

Bob Verini game 2.

Contestants

[<< previous game]

Linda Dragas, a freelance journalist from North Bergen, New Jersey

Alan Rosenberg, a newspaper editor from Warwick, Rhode Island

Bob Verini, a playwright and actor from New York City, New York (whose 1-day cash winnings total $7,801)

[next game >>]

Jeopardy! Round responses

NUCLEAR PHYSICS
BOOKS & AUTHORS
HATS
TV UNCLES
RESORTS
IN OTHER WORDS...
    $100 26
the sun

Bob
    $100 10
(Alex: The Mysterious Affair at Styles was the title of that one.)

Agatha Christie

Linda
    $100 21
a yarmulke

Bob
    $100 15
The Addams Family"

Bob
    $100 3
(Alan: What is LaCosta?)

Palm Springs

AlanLinda
    $100 16
blind as a bat

Alan
    $200 27
alpha, beta & gamma

Alan
    $200 11
Sex and the Single Girl

Linda
    $200 22
Larry

Bob
    $200 9
The Man & The Girl from U.N.C.L.E.

Bob
    $200 4
Club Med

Linda
    $200 17
out of sight, out of mind

Bob
    $300 28
neutrons

Alan
    $300 12
Nathanael West

Bob
    $300 23
throw your hat in the ring

Bob
    $300 1
Ray Krebbs

Alan
    $300 5
Uruguay

Linda
    $300 18
there's no place like home

Alan
    $400 29
a microwave oven

Alan
    $400 13
James Clavell

Bob
    $400 24
(Alan: What is a fez?)

the turban

Alan
Triple Stumper
    $400 2
Hans Conried

Linda
    $400 6
the American Falls & Horseshoe Falls

Alan
    $400 19
one picture is worth a thousand words

Bob
    $500 30
Enrico Fermi

Bob
    $500 14
(Linda: What is Yiddish?)
(Bob: What is Hebrew?)
(Alan: What is German?)

French

BobAlanLinda
Triple Stumper
    $500 25
Fran Allison

Alan
    $500 8
(Alan: [In a Paul Lynde voice] Who is [*]?)
(Alex: [Laughing] [*] on Bewitched.)

Uncle Arthur

Alan
    $500 7
(Alan: What is South Carolina?)

Georgia

Alan
Triple Stumper
    $500 20
(Alan: What is actions speak louder than words?)

easier said than done

Alan
Triple Stumper

Scores at the first commercial break (after clue 11):

Bob Alan Linda
$200 $600 $1,300

Scores at the end of the Jeopardy! Round:

Bob Alan Linda
$2,300 $1,000 $800

Double Jeopardy! Round responses

HISTORIC GEOGRAPHY
BUSINESS & INDUSTRY
"NEVER" & "EVER" SONGS
FAMOUS MAMMALS
IN THE OCEAN
II
(Alex: We refer to that as 2 or the second, as in Alexander Trebek the second. There was no first, it doesn't mean anything.)
    $200 7
Cuba

Alan
    $200 1
Colonel Sanders

Bob
    $200 6
"It's Now Or Never"

Bob
    $200 19
Leo

Alan
    $200 25
the tuna

Alan
    $200 12
QE2

Linda
    $400 8
Siberia

Alan
    $400 16
8

Bob
    $400 5
"Evergreen"

Bob
    $400 22
(Alan: What is the cat?)

Toto

BobAlan
    $400 27
(bob: What are dolphins?)

the gray whales

Bob
Triple Stumper
    $400 13
(Bob: What is 120?)

10

Bob
Triple Stumper
    $1,000 9
India & Pakistan

Alan
    $600 18
Trailways

Bob
    $600 2
"Never Been To Spain"

Alan
    $600 23
Tony the Tiger

Bob
    $600 28
[The end-of-round signal sounds.]

South America

Triple Stumper
    $1,000 14
Richard II

Linda
    $800 10
Martinique

Linda
    $800 20
(Linda: What is Hershey's?)

Nestle

AlanLinda
    $800 3
(Alan: What is "Have You Ever Been Mellow"?)

"Have You Never Been Mellow"

BobAlan
    $800 24
(Alex: That's it and we've got less than a minute to go.)

the Easter Bunny

Bob
    $800 15
(Bob: What is Little Shop of Horrors?)

Audrey II

Bob
Triple Stumper
    $1000 11
Baghdad

Bob
    $1000 21
a takeover

Alan
    $1000 4
"Did You Ever See A Dream Walking"

Triple Stumper
    $1000 26
Dan Patch

Bob
    $1000 17
(1 of) Joseph Kennedy and Nick Rahall

Linda

Scores at the end of the Double Jeopardy! Round:

Bob Alan Linda
$7,100 $4,200 $3,000

[wagering suggestions for these scores]

Final Jeopardy! Round responses

U.S. GOVERNMENT
LindaWho is Sam Rayburn?
$2,999
AlanWho was Sam Rayburn?
$3,000
BobWho was Sam Rayburn?
$1,301
Sam Rayburn

Final scores:

Bob Alan Linda
$8,401 $7,200 $5,999
2-day champion: $16,202 2nd place: a trip for 2 to San Francisco 3rd place: a Whirlpool microwave oven

Game dynamics:

Coryat scores:

Bob Alan Linda
$7,100 $3,800 $2,600
22 R,
4 W
17 R
(including 2 DDs),
7 W
10 R
(including 1 DD),
2 W

Combined Coryat: $13,500

[game clues] [game scores] [suggest correction]

Game tape date: Unknown
The J! Archive is created by fans, for fans. Scraping, republication, monetization, and malicious use prohibited; this site may use cookies and collect identifying information. See terms. The Jeopardy! game show and all elements thereof, including but not limited to copyright and trademark thereto, are the property of Jeopardy Productions, Inc. and are protected under law. This website is not affiliated with, sponsored by, or operated by Jeopardy Productions, Inc. Join the discussion at JBoard.tv.